00355 a2200109 4500001001000000005001700010008004100027245007000068100002500138773006500163999001700228ART_1292920260410161909.0260409a 10aTeoria de las restricciones y throughput en una fabrica de turbos1 aSmolje, Alejandro R.0 tCostos y gestióng- Año 15, Nº 58 (dic. 2005)wREV12786 c26680d26680